| 000 | 01194nac a22003977a 4500 | ||
|---|---|---|---|
| 001 | BR7700337 | ||
| 003 | BR-BrBNA | ||
| 005 | 20240105114019.0 | ||
| 008 | 230509b bl.|||m| |||| 00| 0 por d | ||
| 040 |
_aBR-BrBNA _bpor _cBiblioteca Nacional de Agricultura |
||
| 072 | _aH60 | ||
| 090 | _a0336 BR7700337 | ||
| 100 | 1 | _aRamos, M.G. | |
| 100 | 1 | _aSonego, O. | |
| 100 | 1 | _aCasela, C. | |
| 110 | 1 |
_aUnidade de Execucao de Pesquisa de Ambito Estadual de Ponta Grossa, PR (Brasil) _910372 |
|
| 245 | 1 | _aControle quimico de invasoras na cultura da soja 75/76 [Parana, Brasil] | |
| 260 | 3 |
_aPonta Grossa, PR (Brasil): _c1976. |
|
| 300 | _a22 p. | ||
| 490 |
_aComunicado Tecnico - Unidade de Execucao de Pesquisa de Ambito Estadual de Ponta Grossa (Brazil) _vno. 4 _x |
||
| 500 | _a13 tables | ||
| 650 | _aERVA DANINHA | ||
| 650 | _aPAPUA | ||
| 650 | _aPICAO PRETO | ||
| 650 | _aAMENDOIM BRAVO | ||
| 650 | _aGUANXUMA | ||
| 650 | _aCARRAPICHO | ||
| 650 | _aPOAIA BRANCA | ||
| 650 | _aNABO-BRAVO | ||
| 650 | _aCONTROLE QUIMICO | ||
| 650 | _aSOJA | ||
| 650 | _aHERBICIDA | ||
| 650 | _aPARANA | ||
| 909 |
_a202312 _bLúcia Elande _c55 _dLúcia Elande |
||
| 942 |
_2AGRIS _n0 _cMS |
||
| 999 |
_c266889 _d266889 |
||